000 00897nam a2200313Ia 4500
001 Z_4672
003 CHAP
008 220113s1989 xx 000 0 und d
010 _a167747
040 _cCHAP
082 _a636.084 B62
100 _aBock, H D
_9142016
245 _aProtein metabolism in farm animals : evaluation, digestion, absortion and metabolism /
_cpor H D Bock... /
_cand others /
_c
260 _aLandwirtschaftsverlag, Be :
_bOxford University Press,
_c1989
300 _a452 p.
440 _a
500 _a
503 _a169273
650 _aDigestón
_xMetabolismo
_9142017
650 _aGanado
_xMetabolismo
_9141202
650 _aMetabolismo en animales domésticos
_975151
650 _aProteinas
_xMetabolismo I. t.
_9142018
901 _a636.084 B62
902 _aA
910 _a1989
942 _c1
942 _cc1
999 _c167747
_d167747